000 00807cam a22002413a 4500
001 16440
003 PGUSA
005 20140828083342.0
008 050805s2005||||xxu|||||s|||||000 | eng d
040 _aPGUSA
_beng
042 _adc
050 4 _aTA
100 1 _aCampbell, J. L.
245 1 4 _aThe Water Supply of the El Paso and Southwestern Railway from Carrizozo to Santa Rosa, N. Mex. :
_bAmerican Society of Civil Engineers: Transactions, No. 1170
_h[electronic resource] /
_cJ. L. Campbell
260 _bProject Gutenberg,
_c2005
506 _aPublic domain in the USA.
516 _aElectronic text
653 _aCivil engineering -- Periodicals
653 _aRailroads -- Water-supply
830 0 _aProject Gutenberg
_v16440
856 4 0 _uhttp://www.gutenberg.org/ebooks/16440
942 _cEB
999 _c245695
_d245695